| 000 | 00658nam a2200205Ia 4500 | ||
|---|---|---|---|
| 003 | GCL | ||
| 008 | 140319s9999 xx 000 0 ara d | ||
| 040 |
_aGCL / _cGCL |
||
| 082 | 0 | 4 |
_a745.6191 _bس ب |
| 100 | 1 | _aشاكر حسن ال سعيد | |
| 245 | 1 | 0 |
_aالبعد الواحد او الفن يستلهم الحرف / _cشاكر حسن ال سعيد |
| 260 |
_a[S.N] : _bمطابع ثينان ، _c1971 |
||
| 300 | _a136 ص | ||
| 490 |
_aالسلسلة الفنية _v0 |
||
| 650 | 0 | 4 | _aالخط العربى |
| 650 | 0 | 4 | _aالكتابة العربية |
| 650 | 0 | 4 | _aالفنون |
| 650 | 0 | 4 | _aالخط العربى - زخرفة |
| 942 |
_2ddc _cBK |
||
| 999 |
_c30212 _d30212 |
||